Význam nation brandingu pre Slovensko: súčasné trendy a výzvy

Nation branding, alebo národná značka, je relatívne novou oblasťou skúmania, ktorá sa nachádza na rozhraní verejnej diplomacie a marketingových aktivít. Kvalitná prezentácia krajiny navonok môže zatraktívniť krajinu pre zahraničných investorov, zvýšiť povedomie o danej krajine ako turistickej destin...

Descripción completa

Guardado en:
Detalles Bibliográficos
Autor principal: Čiefová, Michaela, 1991-
Otros Autores: Goda, Natália, 1995-
Formato: Capítulo de libro
Lenguaje:eslovaco
Materias:
Etiquetas: Agregar Etiqueta
Sin Etiquetas, Sea el primero en etiquetar este registro!

MARC

LEADER 00000naa$a2200000$$$4500
001 0257476
005 20250203083648.7
041 0 |a slo 
044 |a SK 
245 1 0 |a Význam nation brandingu pre Slovensko: súčasné trendy a výzvy  |c Michaela Čiefová, Natália Goda 
520 |a Nation branding, alebo národná značka, je relatívne novou oblasťou skúmania, ktorá sa nachádza na rozhraní verejnej diplomacie a marketingových aktivít. Kvalitná prezentácia krajiny navonok môže zatraktívniť krajinu pre zahraničných investorov, zvýšiť povedomie o danej krajine ako turistickej destinácii či dopomôcť k zvyšovaniu vývozu domácich produktov na svetové trhy. Predostrenie teoretických východisk konceptu národnej značky. Národná značka v súvislosti so Slovenskou republikou. 
610 2 0 |a značky 
610 2 0 |a Slovensko 
610 2 0 |a marketing 
610 2 0 |a diplomacia 
100 1 |a Čiefová, Michaela, 1991- 
700 1 |a Goda, Natália, 1995-